Football: Meilleurs buteurs de la sélection allemande masculine - Statistiques

Statistiques générales
  • Ce quiz a été pris 128 fois
  • Le résultat moyen est 8 sur 27
Statistiques - réponses
Réponse % Correct
Gerd Müller
96%
Thomas Müller
96%
Miroslav Klose
93%
Mario Gomez
56%
Lothar Matthäus
49%
Mesut Özil
47%
Serge Gnabry
46%
Lukas Podolski
42%
Michael Ballack
40%
Karl-Heinz Rummenigge
39%
Bastian Schweinsteiger
38%
Timo Werner
36%
Jürgen Klinsmann
31%
Rudi Vôller
28%
André Schürrle
21%
Oliver Bierhoff
17%
Helmut Rahn
12%
Uwe Seeler
11%
Klaus Fischer
7%
Andreas Möller
6%
Fritz Walter
5%
Edmund Conen
4%
Ernst Lehner
4%
Max Morlock
4%
Ulf Kirsten
4%
Karl Hohmann
3%
Richard Hofmann
3%
Aucun quiz correspondant
Distribution des résultats
% des personnes avec chaque résultat
Percentile par nombre de réponses
Votre historique - résultats
Vous n’avez pas pris ce quiz